| 000 | 00372nam a2200145Ia 4500 | ||
|---|---|---|---|
| 005 | 20250729165710.0 | ||
| 008 | 250729s2011 xx 000 0 und d | ||
| 041 | _akan | ||
| 082 | _a200.1 CHIB | ||
| 100 |
_aBola Chitharanjan das Shetty _9230851 |
||
| 245 | _aBinnedi | ||
| 260 |
_aMangalore _bNagashakthi Prakashana _c2011 |
||
| 300 | _a130p | ||
| 650 |
_aKannada _9230852 |
||
| 999 |
_c238988 _d238988 |
||